<?xml version="1.0" encoding="UTF-8"?>
<record
    xmlns:xsi="http://www.w3.org/2001/XMLSchema-instance"
    xsi:schemaLocation="http://www.loc.gov/MARC21/slim http://www.loc.gov/standards/marcxml/schema/MARC21slim.xsd"
    xmlns="http://www.loc.gov/MARC21/slim">

  <leader>01582nam a22002537a 4500</leader>
  <controlfield tag="003">NALT</controlfield>
  <controlfield tag="005">20250818153803.0</controlfield>
  <controlfield tag="008">170622b        th ||||| |||| 00| 0 tha d</controlfield>
  <datafield tag="020" ind1=" " ind2=" ">
    <subfield code="a">9789744499974</subfield>
  </datafield>
  <datafield tag="040" ind1=" " ind2=" ">
    <subfield code="a">NALT</subfield>
  </datafield>
  <datafield tag="050" ind1=" " ind2=" ">
    <subfield code="a">JQ 1746.Z13.P82</subfield>
    <subfield code="b">&#xE1E;343&#xE04; 2561</subfield>
  </datafield>
  <datafield tag="110" ind1="2" ind2=" ">
    <subfield code="9">2339</subfield>
    <subfield code="a">&#xE2A;&#xE16;&#xE32;&#xE1A;&#xE31;&#xE19;&#xE1E;&#xE23;&#xE30;&#xE1B;&#xE01;&#xE40;&#xE01;&#xE25;&#xE49;&#xE32;</subfield>
  </datafield>
  <datafield tag="245" ind1="1" ind2="0">
    <subfield code="a">&#xE04;&#xE27;&#xE32;&#xE21;&#xE40;&#xE0A;&#xE37;&#xE48;&#xE2D;&#xE21;&#xE31;&#xE48;&#xE19;&#xE15;&#xE48;&#xE2D;&#xE2A;&#xE16;&#xE32;&#xE1A;&#xE31;&#xE19;&#xE15;&#xE48;&#xE32;&#xE07;&#xE46; &#xE41;&#xE25;&#xE30;&#xE04;&#xE27;&#xE32;&#xE21;&#xE1E;&#xE36;&#xE07;&#xE1E;&#xE2D;&#xE43;&#xE08;&#xE15;&#xE48;&#xE2D;&#xE01;&#xE32;&#xE23;&#xE1A;&#xE23;&#xE34;&#xE01;&#xE32;&#xE23;&#xE2A;&#xE32;&#xE18;&#xE32;&#xE23;&#xE13;&#xE30; &#xE1E;.&#xE28;. 2560 &#xE41;&#xE25;&#xE30;&#xE2A;&#xE23;&#xE38;&#xE1B;&#xE1C;&#xE25;&#xE01;&#xE32;&#xE23;&#xE2A;&#xE33;&#xE23;&#xE27;&#xE08; &#xE1E;.&#xE28;. 2545 - 2560 /</subfield>
    <subfield code="c">&#xE04;&#xE13;&#xE30;&#xE1C;&#xE39;&#xE49;&#xE08;&#xE31;&#xE14;&#xE17;&#xE33; &#xE16;&#xE27;&#xE34;&#xE25;&#xE27;&#xE14;&#xE35; &#xE1A;&#xE38;&#xE23;&#xE35;&#xE01;&#xE38;&#xE25;, &#xE23;&#xE31;&#xE0A;&#xE27;&#xE14;&#xE35; &#xE41;&#xE2A;&#xE07;&#xE21;&#xE2B;&#xE30;&#xE2B;&#xE21;&#xE31;&#xE14;, &#xE27;&#xE34;&#xE28;&#xE34;&#xE29;&#xE0E; &#xE0A;&#xE31;&#xE0A;&#xE27;&#xE32;&#xE25;&#xE17;&#xE34;&#xE1E;&#xE32;&#xE01;&#xE23;.</subfield>
  </datafield>
  <datafield tag="250" ind1=" " ind2=" ">
    <subfield code="a">&#xE1E;&#xE34;&#xE21;&#xE1E;&#xE4C;&#xE04;&#xE23;&#xE31;&#xE49;&#xE07;&#xE17;&#xE35;&#xE48; 1.</subfield>
  </datafield>
  <datafield tag="260" ind1=" " ind2=" ">
    <subfield code="a">&#xE01;&#xE23;&#xE38;&#xE07;&#xE40;&#xE17;&#xE1E;&#xE2F; :</subfield>
    <subfield code="b">&#xE2A;&#xE16;&#xE32;&#xE1A;&#xE31;&#xE19;&#xE1E;&#xE23;&#xE30;&#xE1B;&#xE01;&#xE40;&#xE01;&#xE25;&#xE49;&#xE32;,</subfield>
    <subfield code="c">2561.</subfield>
  </datafield>
  <datafield tag="300" ind1=" " ind2=" ">
    <subfield code="a">290 &#xE2B;&#xE19;&#xE49;&#xE32; :</subfield>
    <subfield code="b">&#xE41;&#xE1C;&#xE19;&#xE17;&#xE35;&#xE48;, &#xE41;&#xE1C;&#xE19;&#xE20;&#xE39;&#xE21;&#xE34;, &#xE15;&#xE32;&#xE23;&#xE32;&#xE07; ;</subfield>
    <subfield code="c">29 &#xE0B;&#xE21;.</subfield>
  </datafield>
  <datafield tag="650" ind1=" " ind2="4">
    <subfield code="a">&#xE1A;&#xE23;&#xE34;&#xE01;&#xE32;&#xE23;&#xE2A;&#xE32;&#xE18;&#xE32;&#xE23;&#xE13;&#xE30;</subfield>
    <subfield code="x">&#xE04;&#xE27;&#xE32;&#xE21;&#xE1E;&#xE2D;&#xE43;&#xE08;&#xE02;&#xE2D;&#xE07;&#xE1C;&#xE39;&#xE49;&#xE43;&#xE0A;&#xE49;&#xE1A;&#xE23;&#xE34;&#xE01;&#xE32;&#xE23;</subfield>
    <subfield code="9">11952</subfield>
  </datafield>
  <datafield tag="700" ind1="0" ind2=" ">
    <subfield code="a">&#xE16;&#xE27;&#xE34;&#xE25;&#xE27;&#xE14;&#xE35; &#xE1A;&#xE38;&#xE23;&#xE35;&#xE01;&#xE38;&#xE25;.</subfield>
    <subfield code="9">2407</subfield>
  </datafield>
  <datafield tag="700" ind1="0" ind2=" ">
    <subfield code="a">&#xE23;&#xE31;&#xE0A;&#xE27;&#xE14;&#xE35; &#xE41;&#xE2A;&#xE07;&#xE21;&#xE2B;&#xE30;&#xE2B;&#xE21;&#xE31;&#xE14;.</subfield>
    <subfield code="9">11954</subfield>
  </datafield>
  <datafield tag="700" ind1="0" ind2=" ">
    <subfield code="a">&#xE27;&#xE34;&#xE28;&#xE34;&#xE29;&#xE0E; &#xE0A;&#xE31;&#xE0A;&#xE27;&#xE32;&#xE25;&#xE17;&#xE34;&#xE1E;&#xE32;&#xE01;&#xE23;</subfield>
    <subfield code="9">11956</subfield>
  </datafield>
  <datafield tag="850" ind1=" " ind2=" ">
    <subfield code="a">NALT</subfield>
  </datafield>
  <datafield tag="942" ind1=" " ind2=" ">
    <subfield code="c">RSH</subfield>
    <subfield code="2">lcc</subfield>
  </datafield>
  <datafield tag="998" ind1=" " ind2=" ">
    <subfield code="a">kornsiririn</subfield>
    <subfield code="h">7560</subfield>
    <subfield code="j">1020</subfield>
    <subfield code="k"> &#xE19;&#xE32;&#xE07;&#xE08;&#xE33;&#xE40;&#xE23;&#xE35;&#xE22;&#xE07;  &#xE23;&#xE30;&#xE27;&#xE31;&#xE07;&#xE2A;&#xE33;&#xE42;&#xE23;&#xE07;</subfield>
  </datafield>
  <datafield tag="999" ind1=" " ind2=" ">
    <subfield code="c">100691</subfield>
    <subfield code="d">100691</subfield>
  </datafield>
</record>
